00909nam a2200241Ia 4500003000400000005001700004008004100021020001800062040001800080041000800098082002100106100002700127245009900154250001200253260004500265300002400310650004200334650003200376650004700408942003000455999001900485952016300504OSt20240511102148.0210716s2014 xx 000 0 und d a9780374534967 cAIMIT LIBRARY aeng a374.22 21bMAYJ aMayer, John D.9164029 aPersonal intelligence : bpower of personality and how it shapes our lives /cBy John D Mayer. a1st ed. aNew York :c2014.bScientific American , a268p. ;bPBc22.8cm aWhat is personal intelligence9164030 aFeeling information9164031 aPersonal intelligence in adulthood9164032 2ddccBKe1stk374.22 MAYJ c209564d209564 00102ddc40708MBAaAIMITbAIMITd2016-01-20g599.00iBill no:181; Bill dt:2016-01-13l0o374.22 MAYJpMBA12130r2026-05-23 00:00:00v449.25w2021-07-16yBK